The Kon-Tiki expedition

-д хадгалсан:
Номзүйн дэлгэрэнгүй
Үндсэн зохиолч: Heyerdahl, Thor (Зохиогч)
Формат: Ном
Хэл сонгох:англи
Хэвлэсэн: Londres Longman 1965
Цуврал:Longman Structural Readers: Non-Fiction, Stage 6
Нөхцлүүд:
Шошгууд: Шошго нэмэх
Шошго байхгүй, Энэхүү баримтыг шошголох эхний хүн болох!

MARC

LEADER 00000nam a2200000 a 4500
001 UCQ3629
003 CL-VaPUC
008 980821e19650000UK |||||||||||||||||eng|d
082 0 4 |a 807  |b HEY  |2 21 
100 |a Heyerdahl, Thor  |e author  |9 440609 
245 1 4 |a The Kon-Tiki expedition 
300 |a 95 p 
942 |c BK 
945 |d 19980821 00:00:00  |a crobeson 
260 |a Londres  |b Longman  |c 1965 
650 0 |a Literatura  |9 259151 
650 0 |a Inglés  |9 260023 
650 0 |a Enseñanza de idiomas  |9 339820 
650 0 |a Educación lingüística  |9 306506 
583 |a last modification  |c 19980821 00:00:00  |k Rodrigo Vera 
490 0 |a Longman Structural Readers: Non-Fiction, Stage 6 
999 |c 274149  |d 274147 
952 |0 0  |1 0  |4 0  |6 807_000000000000000_HEY_1965  |7 0  |8 A  |9 310235  |a BIBEDU  |b BIBEDU  |d 2019-11-20  |i 1456342  |o 807 HEY 1965  |p 1456342  |r 2019-11-20  |w 2019-11-20  |y BK  |k LIT 
952 |0 0  |1 0  |4 0  |6 807_000000000000000_HEY_1965  |7 0  |8 A  |9 310236  |a BIBEDU  |b BIBEDU  |d 2019-11-20  |i 1456350  |o 807 HEY 1965  |p 1456350  |r 2019-11-20  |w 2019-11-20  |y BK  |k LIT 
952 |0 0  |1 0  |4 0  |6 807_000000000000000_HEY_1965  |7 0  |8 A  |9 310237  |a BIBEDU  |b BIBEDU  |d 2019-11-20  |i 1456369  |o 807 HEY 1965  |p 1456369  |r 2019-11-20  |w 2019-11-20  |y BK  |k LIT 
952 |0 0  |1 0  |4 0  |6 807_000000000000000_HEY_1965  |7 0  |8 A  |9 310238  |a BIBEDU  |b BIBEDU  |d 2019-11-20  |i 1456377  |o 807 HEY 1965  |p 1456377  |r 2019-11-20  |w 2019-11-20  |y BK  |k LIT